MARC

LEADER 00000nas a22000007a 4500
001 ssj0003496
003 WaSeSS
005 20200512172242.0
006 m d
007 cr n
008 050907d19702004enkfr p s 0 a0eng d
010 |a  2010202298 
016 7 |a 003271601  |2 IsJJNL 
022 |a 2155-7934  |y 0010-3829 
035 |a (WaSeSS)ssj0003496 
037 |b Taylor & Francis Ltd., Unit 4, Milton Park, Milton, Abingdon, OX14 4RN 
040 |a HUA  |b eng  |c DLC  |d HUA  |d OCLCQ  |d TXA  |d OCLCF  |d OCLCO  |d OCLCE  |d J9U  |d CCT  |d OCLCO  |d OCLCQ  |d AU@  |d WaSeSS 
042 |a lccopycat  |a nsdp 
050 1 4 |a HN1  |b .C63 
082 1 0 |a 307.1  |2 14 
130 0 |a Journal of the Community Development Society (Online) 
210 0 |a J. Community Dev. Soc.  |b (Online) 
222 0 |a Journal of the Community Development Society  |b (Online) 
245 1 0 |a Journal of the Community Development Society  |h [electronic resource]. 
246 1 |a JCDS 
260 |a Columbia, Mo. :  |b Community Development Society,  |c -©2004. 
310 |a Two no. a year 
362 1 |a Print began with vol. 1, no. 1 (spring 1970); ceased with: Vol. 35, no. 2 (2004). 
500 |a Official journal of the Community Development Society. 
506 |a License restrictions may limit access. 
515 |a Some numbers issued in combined form. 
538 |a Mode of access: World Wide Web. 
588 |a Description based on: Vol. 14, issue 1 (1983); title from contents page (Informaworld website, viewed June 11, 2010). 
588 |a Latest issue consulted: Vol. 35, issue 2 (2004) (viewed June 11, 2010). 
650 0 |a Community development  |v Periodicals. 
650 3 |a Community development  |v Periodicals. 
650 6 |a Développement communautaire  |v Périodiques. 
650 7 |a Community development.  |2 fast  |0 (OCoLC)fst00870818 
650 7 |a Government.  |2 galestne 
650 7 |a Sociology and social work.  |2 galestne 
653 0 |a Government  |a Sociology and social work 
655 0 |a Electronic journals. 
710 2 |a Community Development Society. 
776 0 8 |i Print version:  |t Journal of the Community Development Society  |x 0010-3829  |w (DLC) 70020167  |w (OCoLC)1564519 
785 0 0 |t Community development (Columbus, Ohio : Online)  |x 1944-7485  |w (DLC) 2008215756  |w (OCoLC)237058997 
856 4 0 |z Full text available from Research Library: 08/01/2003 to 12/31/2004  |u https://search.proquest.com/publication/39686